X Asamblea anual de la C.S.I.S. (Record no. 26678)

MARC details
000 -LEADER
campo de control de longitud fija 00533nam a2200157 i 4500
001 - NÚMERO DE CONTROL
campo de control 26678
003 - IDENTIFICADOR DE NÚMERO DE CONTROL
campo de control ES-MaACL
005 - FECHA Y HORA DE LA ÚLTIMA TRANSACCIÓN
campo de control 20230906153501.0
007 - CAMPO FIJO DE DESCRIPCIÓN FÍSICA--INFORMACIÓN GENERAL
campo de control de longitud fija t|
008 - DATOS DE LONGITUD FIJA--INFORMACIÓN GENERAL
campo de control de longitud fija 030110s1972 sp ||||1| spa d
110 2# - ENTRADA PRINCIPAL--NOMBRE DE ENTIDAD CORPORATIVA
Nombre de entidad corporativa o nombre de jurisdicción como elemento de entrada Comisión de Seguridad en la Industria Siderometalúrgica.
Unidad subordinada Asamblea Anual (
Número del congreso/reunión o número de parte o sección 10a.
Fecha del congreso o de la firma del tratado 1972.
Sede del congreso/Lugar de la reunión Bilbao)
9 (RLIN) 3026
245 10 - MENCIÓN DEL TÍTULO
Título X Asamblea anual de la C.S.I.S.
Resto del título : 22-24 mayo.
260 ## - PUBLICACIÓN, DISTRIBUCIÓN, ETC.
Lugar de publicación, distribución, etc. [S.l. :
Nombre del editor, distribuidor, etc. s.n.,
Fecha de publicación, distribución, etc. 1972] (
Lugar de fabricación/manufactura Oviedo :
Fabricante Gráf. Summa)
300 ## - DESCRIPCIÓN FÍSICA
Extensión 311 p. :
Otras características físicas il. ;
Dimensiones 28 cm.
852 ## - LOCALIZACIÓN
Ubicación ES-MaACL
Número de control de estantería C-43982
Sublocalización o colección R.83746
Holdings
Estatus retirado Estado de pérdida Fuente del sistema de clasificación o colocación Estado de daño No para préstamo Biblioteca de origen Biblioteca actual Ubicación en estantería Fecha de adquisición Total de préstamos Signatura topográfica completa Código de barras Visto por última vez Precio de reemplazo Tipo de ítem Koha
    Clasificación decimal universal     Biblioteca del Ateneo de Madrid Biblioteca del Ateneo de Madrid Depósito 2 17/01/2008   C-43982 1027531 23/02/2023 23/02/2023 Libro impreso